000 00663cam a2200205 4500500
005 20260405002020.0
041 _afre
042 _adc
100 1 0 _aPersonne, Thomas
_eauthor
245 0 0 _aLes Philosophes. De l’Antiquité au XXe siècle, Histoire et portraits
260 _c2015.
500 _a67
690 _aAntiquité
690 _aDeleuze
690 _aHistoire de la philosophie
690 _aMaurice Merleau-Ponty
690 _aXXe siècle
786 0 _nPhilosophie magazine | 91 | 8 | 2015-07-01 | p. 59-59 | 1951-1787
856 4 1 _uhttps://shs.cairn.info/magazine-philosophie-magazine-2015-8-page-59?lang=fr&redirect-ssocas=7080
999 _c2053346
_d2053346